<?xml version="1.0" encoding="UTF-8"?><?xml-stylesheet type="text/xsl" href="static/style.xsl"?><OAI-PMH xmlns="http://www.openarchives.org/OAI/2.0/" xmlns:xsi="http://www.w3.org/2001/XMLSchema-instance" xsi:schemaLocation="http://www.openarchives.org/OAI/2.0/ http://www.openarchives.org/OAI/2.0/OAI-PMH.xsd"><responseDate>2026-04-13T04:58:22Z</responseDate><request verb="GetRecord" identifier="oai:www.recercat.cat:2099.1/22323" metadataPrefix="marc">https://recercat.cat/oai/request</request><GetRecord><record><header><identifier>oai:recercat.cat:2099.1/22323</identifier><datestamp>2025-07-22T17:10:45Z</datestamp><setSpec>com_2072_1033</setSpec><setSpec>col_2072_452951</setSpec></header><metadata><record xmlns="http://www.loc.gov/MARC21/slim" xmlns:dcterms="http://purl.org/dc/terms/" xmlns:xsi="http://www.w3.org/2001/XMLSchema-instance" xmlns:doc="http://www.lyncode.com/xoai" xsi:schemaLocation="http://www.loc.gov/MARC21/slim http://www.loc.gov/standards/marcxml/schema/MARC21slim.xsd">
   <leader>00925njm 22002777a 4500</leader>
   <datafield ind2=" " ind1=" " tag="042">
      <subfield code="a">dc</subfield>
   </datafield>
   <datafield ind2=" " ind1=" " tag="720">
      <subfield code="a">González, José Antonio</subfield>
      <subfield code="e">author</subfield>
   </datafield>
   <datafield ind2=" " ind1=" " tag="260">
      <subfield code="c">2013-10</subfield>
   </datafield>
   <datafield ind2=" " ind1=" " tag="520">
      <subfield code="a">Un grupo de empresas dedicada al campo de la Construcción e Ingeniería ha&#xd;
experimentado un gran crecimiento en los últimos quince años, implantándose en todo el&#xd;
territorio nacional a través de adquisiciones de otras empresas, así como creando&#xd;
delegaciones propias en las diferentes zonas de interés.&#xd;
La comisión delegada de dicho grupo empresarial desea optimizar los costes de compras a&#xd;
través de la centralización del área de compras y las compras transversales.&#xd;
En este sentido, se desarrolla el presente proyecto, que se compone de las siguientes&#xd;
actividades:&#xd;
· Se analiza la organización actual y funciones del área de compras del grupo de&#xd;
empresas.&#xd;
· Se analizan las diferentes tipologías de compras.&#xd;
· Se diseña y propone una nueva organización.&#xd;
· Se plantea un plan de implantación del nuevo modelo de compras.&#xd;
· Se definen y se crean las descripciones de trabajo para cada lugar de trabajo.&#xd;
· Se diseña el proceso y las herramientas necesarias para su correcta&#xd;
implantación.&#xd;
· Se establecen unos parámetros para determinar y medir las mejoras&#xd;
conseguidas.&#xd;
· Se evalúa el impacto de mejora medioambiental.&#xd;
· Presupuesto&#xd;
En caso que se aceptara la propuesta del nuevo modelo de compras de este proyecto&#xd;
comportaría desde un inicio, un ahorro en costes de personal, de aproximadamente de&#xd;
700.000 Euros.</subfield>
   </datafield>
   <datafield tag="653" ind2=" " ind1=" ">
      <subfield code="a">Àrees temàtiques de la UPC::Economia i organització d'empreses</subfield>
   </datafield>
   <datafield tag="653" ind2=" " ind1=" ">
      <subfield code="a">Corporations -- Growth</subfield>
   </datafield>
   <datafield tag="653" ind2=" " ind1=" ">
      <subfield code="a">Business enterprises -- Environmental aspects</subfield>
   </datafield>
   <datafield tag="653" ind2=" " ind1=" ">
      <subfield code="a">Empreses -- Creixement</subfield>
   </datafield>
   <datafield tag="653" ind2=" " ind1=" ">
      <subfield code="a">Empreses -- Aspectes ambientals</subfield>
   </datafield>
   <datafield ind2="0" ind1="0" tag="245">
      <subfield code="a">Análisis, diseño, optimización e implementación de un nuevo modelo de compras basado en las compras transversales.</subfield>
   </datafield>
</record></metadata></record></GetRecord></OAI-PMH>